000 00225nam a22000857a 4500
008 160706b xxu||||| |||| 00| 0 eng d
100 _92356
_a Ray, A
245 _aAnandi's Rainbow
260 _aNew Delhi
_b National Book Trust
_c2004
999 _c2034
_d2034